NBA Top 10 Best Career Progression All-Time - Statistics

General Stats
  • This quiz has been taken 352 times
  • The average score is 5 of 15
Answer Stats
Player % Correct
Nikola Jokić
70%
Kobe Bryant
61%
Giannis Antetokounmpo
60%
Steve Nash
47%
Kawhi Leonard
41%
Draymond Green
40%
Dennis Rodman
39%
Scottie Pippen
39%
John Stockton
34%
Jimmy Butler
31%
Kevin Garnett
28%
Ben Wallace
27%
Reggie Miller
18%
Rudy Gobert
8%
John Starks
5%
No matching quizzes found
Score Distribution
Percent of People with Each Score
Percentile by Number Answered
Your Score History
You have not taken this quiz